00333nam a2200121Ia 4500008004100000041000800041082001700049100002400066245004500090260003700135300003200172365000700204240624s9999 xx 000 0 und d aeng a658.4092 KUC aKUCZMARSKI THOMAS D aINNOVATION LEADERSHIP STRATEGIES FOR THE c2003aNew DelhibTata McGrawhill axiii, : 210 : p. : cm. ; 24 cRS